Pokémon - Les attaques de Ectoplasma - Statistiques

Statistiques générales
  • Ce quiz a été pris 82 fois
  • Le résultat moyen est 9 sur 17
Statistiques - réponses
Niveaux Types Noms des attaques % Correct
Niveau 48 Spectre Ball'Ombre
95%
Départ Psy Hypnose
80%
Niveau 60 Psy Dévorêve
78%
Départ Spectre Léchouille
78%
Niveau 30 Spectre Ombre Nocturne
70%
Niveau 20 Spectre Malédiction
67%
Départ Spectre Poing Ombre
63%
Niveau 42 Ténèbres Vibrobscur
57%
Niveau 16 Spectre Dépit
55%
Départ Normal Regard Noir
50%
Départ Spectre Onde Folie
48%
Niveau 24 Spectre Châtiment
47%
Niveau 36 Ténèbres Coup Bas
33%
Niveau 54 Spectre Lien du Destin
28%
Niveau 12 Ténèbres Représailles
28%
Départ Normal Requiem
20%
Départ Normal Copie-Type
2%
Aucun quiz correspondant
Distribution des résultats
% des personnes avec chaque résultat
Percentile par nombre de réponses
Votre historique - résultats
Vous n’avez pas pris ce quiz